Historia de las ideas contemporáneas en Centro-América

Zapisane w:
Opis bibliograficzny
1. autor: Valle, Rafael Heliodoro (Autor)
Format: Książka
Język:hiszpański
Wydane: Ciudad de México Fondo de Cultura Económica 1960
Seria:Tierra Firme. Historia de las Ideas Contemporáneas, 6
Hasła przedmiotowe:
Etykiety: Dodaj etykietę
Nie ma etykietki, Dołącz pierwszą etykiete!

MARC

LEADER 00000nam a2200000 a 4500
001 UCW8504
003 CL-VaPUC
008 880914e19600000MX |||||||||||||||||spa|d
082 0 4 |a 972.8  |b VAL  |2 21 
100 0 |a Valle, Rafael Heliodoro  |e author  |9 313686 
245 1 0 |a Historia de las ideas contemporáneas en Centro-América 
300 |a 306 p 
942 |c BK 
945 |d 19880914 00:00:00 
260 |a Ciudad de México  |b Fondo de Cultura Económica  |c 1960 
650 0 |a Vida intelectual  |9 265379 
651 0 |a América Central  |9 255026 
583 |a last modification  |c 19880914 00:00:00  |k Rodrigo Vera 
490 0 |a Tierra Firme. Historia de las Ideas Contemporáneas, 6 
999 |c 220855  |d 220853 
952 |0 0  |1 0  |4 0  |6 972_800000000000000_VAL_1960  |7 0  |8 A  |9 213583  |a BIBHIS  |b BIBHIS  |d 2019-11-15  |i 2819333  |o 972.8 VAL 1960  |p 2819333  |r 2025-01-20  |w 2019-11-15  |y BK  |k HIS